Discurso pronunciado por el señor Lic. Antonio Ortiz Mena, Secretario de Hacienda y Crédito Público en la ceremonia Conmemorativa del XL Aniversario de la Fundacvión del Banco de México el jueves 9 de septiembre de 1965 (Record no. 7806)

MARC details
000 -CABECERA
campo de control de longitud fija 01039nam a2200229 a 4500
001 - NÚMERO DE CONTROL
campo de control BRCA_8138
005 - FECHA Y HORA DE LA ÚLTIMA TRANSACCIÓN
campo de control 20190320210140.0
008 - DATOS DE LONGITUD FIJA--INFORMACIÓN GENERAL
campo de control de longitud fija 110414s1965----mx-####f##---#000-0#spa-#
041 ## - CÓDIGO DE LENGUA
Código de lengua del texto/banda sonora o título independiente spa
044 ## - CÓDIGO DEL PAÍS DE LA ENTIDAD EDITORA/PRODUCTORA
Código MARC del país mx
050 #4 - SIGNATURA TOPOGRÁFICA DE LA BIBLIOTECA DEL CONGRESO
Número de clasificación HD9574
Número de documento/Ítem .H11
-- 1965
245 10 - MENCIÓN DE TÍTULO
Título Discurso pronunciado por el señor Lic. Antonio Ortiz Mena, Secretario de Hacienda y Crédito Público en la ceremonia Conmemorativa del XL Aniversario de la Fundacvión del Banco de México el jueves 9 de septiembre de 1965
Mención de responsabilidad, etc. Banco de México.
260 ## - PUBLICACIÓN, DISTRIBUCIÓN, ETC.
Lugar de publicación, distribución, etc. México
Nombre del editor, distribuidor, etc. Dirección General de Prensa, Memorias, Bibliotecas y Publicaciones
Fecha de publicación, distribución, etc. 1965
300 ## - DESCRIPCIÓN FÍSICA
Extensión 14 p.
Dimensiones 23 cm.
500 ## - NOTA GENERAL
Nota general Y220
600 14 - PUNTO DE ACCESO ADICIONAL DE MATERIA--NOMBRE DE PERSONA
Nombre de persona Ortiz Mena, Antonio
Títulos y otros términos asociados al nombre Secretario de Hacienda y Crédito Público
Fechas asociadas al nombre 1965
9 (RLIN) 20273
650 14 - PUNTO DE ACCESO ADICIONAL DE MATERIA--TÉRMINO DE MATERIA
Término de materia o nombre geográfico como elemento de entrada Discursos
Subdivisión de forma Memorias y balances
Subdivisión geográfica México
9 (RLIN) 20274
650 14 - PUNTO DE ACCESO ADICIONAL DE MATERIA--TÉRMINO DE MATERIA
Término de materia o nombre geográfico como elemento de entrada Aniversarios
Subdivisión de forma Ceremonias
Subdivisión geográfica México
9 (RLIN) 20275
711 2# - PUNTO DE ACCESO ADICIONAL--NOMBRE DE REUNIÓN/CONGRESO
Nombre de congreso/reunión o jurisdicción como elemento de entrada Ceremonia Conmemorativa del XL Aniversario de la Fundación del Banco de México
Fecha del congreso/reunión Septiembre 9, 1965
Sede del congreso/Lugar de la reunión México (Ciudad)
9 (RLIN) 20276
902 ## - CATALOGADOR
Iniciales GFM
942 ## - ELEMENTOS DE PUNTO DE ACCESO ADICIONAL (KOHA)
Fuente del sistema de clasificación o colocación Library of Congress Classification
Tipo de ítem Koha Libros
Holdings
Estado de retiro Estado de pérdida Estado dañado No para préstamo Localización permanente Ubicación/localización actual Fecha de adquisición Número de inventario Total de préstamos Signatura topográfica completa Código de barras Fecha visto por última vez Precio válido a partir de Tipo de ítem Koha
El ejemplar forma parte de la colección y puede ser consultado según las políticas vigentes.       Biblioteca del Museo Franz Mayer (Rogerio Casas-Alatriste) Biblioteca del Museo Franz Mayer (Rogerio Casas-Alatriste) 11/04/2014 Y220   HD9574 .H11 1965 (Y220) 8762 22/03/2019 22/03/2019 Libros